000 00562nam a2200193Ia 4500
008 151121s9999||||xx |||||||||||||| ||und||
082 _a396/ निसळ
082 _bHNW-72598
100 _aनिसळ शांता
245 _aप्राजक्ता
260 _b"मानसन्मान, पुणे।"
260 _c--
300 _a97
600 _aनिसळ शांता
630 _aप्राजक्ता
700 _aनिसळ शांता
730 _aप्राजक्ता
942 _cBOOK
999 _c1254057
_d1254054